000 01218nam a2200313 a 4500
999 _c348447
_d348447
003 BLK
005 20250702104304.0
008 200206b bu ||||| |||| 00| 0 bu d
020 _a9786197455199
040 _aBLK
041 _aBUL
_cBUL
080 _aАнглийска литература
_b821.111
_x-93-34
_z821.111-93-34
100 _aГоф, Джулиан
_eпърви автор
_91299
139 _aГоф, Джулиан
_bГ 70
240 _aRabbit & Bear, attack of the snack
245 _aЗаек и мечка
_bЛетяща закуска в атака се впуска
_cИл. Джим Фийлд ; прев. Петя Гуламали
260 _9392712
_aСофия
_bTimelines
_c2019
_fКитай
300 _a103 с.
_bс цв. ил.
_c19 см
380 _aDX
500 _aОриг. загл.: Rabbit & Bear, attack of the snack / Julian Gough За авт. и ил.: с. 102
700 _9599
_aФийлд, Джим
_eил.
700 _9966
_aГуламали, Петя Рафик
_eпрев.
852 _aЦб 299359
_bЦб
942 _cKNG
_n0
_s1
_040
944 _aCR
_c2020-06-29
_lГрета Цуфелде
_k30537
999 _d348447
999 _d348447
999 _d348447